|
|
|
|
| LEADER |
01044nam a2200265 a 4500 |
| 001 |
16638 |
| 003 |
BD-DhAAL |
| 008 |
090630s2005 enka bc 001 0 eng d |
| 010 |
|
|
|a 2006531012
|
| 020 |
|
|
|a 0714844985
|
| 040 |
|
|
|a TEF
|c TEF
|d TEF
|d BAKER
|d PPT
|d DLC
|d BD-DhAAL
|
| 082 |
|
|
|a 727.6
|2 22
|
| 100 |
1 |
|
|a Barreneche, Raul A.
|9 31792
|
| 245 |
1 |
0 |
|a New museums /
|c Raul A. Barreneche.
|
| 260 |
|
|
|a London ;
|a New York :
|b Phaidon Press,
|c 2005.
|
| 300 |
|
|
|a 207 pages :
|b color illustrations ;
|c 30 cm
|
| 504 |
|
|
|a Includes bibliographical references (pages 202-203) and index.
|
| 526 |
|
|
|a ARC
|
| 541 |
1 |
|
|e 16638
|a KB International
|
| 650 |
|
0 |
|a Museum architecture
|v Designs and plans.
|9 31793
|
| 650 |
|
0 |
|a Art museum architecture
|v Designs and plans.
|9 31794
|
| 852 |
4 |
|
|a Ayesha Abed Library
|c General Stacks
|
| 942 |
|
|
|2 ddc
|c BK
|
| 999 |
|
|
|c 1915
|d 1915
|
| 952 |
|
|
|0 0
|1 0
|2 ddc
|4 0
|6 727_600000000000000_BAR_2005
|7 0
|9 8684
|a BRACUL
|b BRACUL
|c GEN
|d 2010-03-18
|e KB International
|g 8030.00
|l 26
|m 152
|o 727.6 BAR
|p 3010016638
|r 2026-01-13
|s 2025-11-04
|t 1
|w 2010-03-18
|y BK
|